| 000 | 01189nam a2200121Ia 4500 | ||
|---|---|---|---|
| 008 | 220620s9999||||xx |||||||||||||| ||und|| | ||
| 100 | _aHeidari, Hadi||Abbasi, Qammer Hussain||Alomainy, Akram | ||
| 245 | 0 | _aWearable Wireless Devices | |
| 546 | _aEnglish[eng] | ||
| 650 | _an/a||S-Band sensing||telerehabilitation||wavelet transform||WBAN||reservoir computing||rehabilitation||medical wearable wireless devices||energy efficiency||multiuser||wireless body area networks||echo state networks||electrocardiography (ECG)||inertial sensor||heart beat classification||S-band sensing||patch ECG monitor||IMU||Unity||Chronic Obstructive Pulmonary Disease (COPD)||cryptanalysis||ankle sprain||medical internet of things||wireless VR||Arduino||wireless channel information||bio signals||security||wearable electronic device||accelerometer||energy-balanced model||diversity combining||anonymity||OFDMA||bio sensors||hyperthyreosis/sleep apnea disease monitoring||SDPPG||medium access control||Internet of Things||Quality of Service||gyroscope||C-Band||movement noise||smart devices||wearable sensors||wireless LAN||Virtual Reality | ||
| 856 | _uhttps://mdpi.com/books/pdfview/book/2104 | ||
| 942 | _cEB | ||
| 999 |
_c34005 _d34005 |
||